KENT'S MECHANICAL ENGINEER'S HANDBOOK (Record no. 583926)
[ view plain ]
| 000 -LEADER | |
|---|---|
| fixed length control field | 00264nam a22001097a 4500 |
| 082 ## - DEWEY DECIMAL CLASSIFICATION NUMBER | |
| Classification number | 621 KEN'S |
| 100 ## - MAIN ENTRY--PERSONAL NAME | |
| Personal name | SALISBURY, J.KENNETH |
| 9 (RLIN) | 78857 |
| 245 ## - TITLE STATEMENT | |
| Title | KENT'S MECHANICAL ENGINEER'S HANDBOOK |
| 250 ## - EDITION STATEMENT | |
| Edition statement | 12TH |
| 260 ## - PUBLICATION, DISTRIBUTION, ETC. | |
| Place of publication, distribution, etc. | NEWYORK |
| Name of publisher, distributor, etc. | JOHN WILEY |
| Date of publication, distribution, etc. | 1950 |
| 942 ## - ADDED ENTRY ELEMENTS (KOHA) | |
| Koha item type | Book |
| Withdrawn status | Lost status | Damaged status | Not for loan | Permanent Location | Current Location | Shelving location | Date acquired | Total Checkouts | Full call number | Barcode | Date last seen | Price effective from | Koha item type |
|---|---|---|---|---|---|---|---|---|---|---|---|---|---|
| College of Electrical & Mechanical Engineering (CEME) | College of Electrical & Mechanical Engineering (CEME) | Reference | 06/20/2017 | 621 KEN'S | CEME-7605 | 06/28/2021 | 06/28/2021 | Book | |||||
| College of Electrical & Mechanical Engineering (CEME) | College of Electrical & Mechanical Engineering (CEME) | General Stacks | 06/20/2017 | 621 KEN'S | CEME-7608 | 06/28/2021 | 06/28/2021 | Book | |||||
| College of Electrical & Mechanical Engineering (CEME) | College of Electrical & Mechanical Engineering (CEME) | General Stacks | 06/20/2017 | 621 KEN'S | CEME-7609 | 06/28/2021 | 06/28/2021 | Book |
